[Event "It (open)"]
[Site "Goch (Germany)"]
[Round "1"]
[White "Preuschoff Michael (GER)"]
[Black "Schoenhof Timo (GER)"]
[Result "1-0"]
[WhiteElo "2280"]
[BlackElo "2060"]

1.Nf3 d6 2.d4 Bg4 3.c4 Nf6 4.Qb3 Qc8 5.Nc3 Nbd7 6.e3 c6 7.Be2 g6 8.h3 Bxf3
9.Bxf3 Bg7 10.O-O e6 11.e4 O-O 12.Be3 a6 13.a4 Qc7 14.g3 b6 15.Bg2 Rad8 16.f4
c5 17.d5 e5 18.f5 h6 19.Rf2 g5 20.Bf3 Ne8 21.h4 f6 22.Bh5 Bh8 23.Rh2 Rb8
24.Bg6 Rb7 25.hxg5 fxg5 26.Rxh6 Bg7 27.Rh2 Nef6 28.Bxg5 Ng4 29.Rh4 Ndf6 30.Qd1
Rfb8 31.Rxg4 Nxg4 32.Qxg4 Rf8 33.Qh4 Bh8 34.Kg2 Qg7 35.Bh6 Qf6 36.Bxf8 Qxh4
37.gxh4 Kxf8 {#r} 1-0

[Event "It (open)"]
[Site "Griesheim (Germany)"]
[Round "1"]
[White "Colpe Helge (GER)"]
[Black "Bendel Ralf (GER)"]
[Result "0-1"]
[WhiteElo "2061"]
[BlackElo "2177"]

1.d4 d6 2.Nf3 Bg4 3.c4 Nf6 4.Nc3 c6 5.h3 Bxf3 6.gxf3 Nbd7 7.e4 Qa5 8.Be3 g6
9.Qb3 Rb8 10.O-O-O a6 11.f4 Bh6 12.Be2 Nh5 13.e5 Nxf4 14.Bg4 f5 15.e6 Nf8
16.d5 fxg4 17.hxg4 Bg5 18.Rd4 N8xe6 19.dxe6 Nxe6 20.Re4 Nc5 21.Qc2 Nxe4
22.Qxe4 Bxe3+ 23.Qxe3 Qe5 24.Qa7 O-O 25.Rg1 Qf4+ 26.Qe3 Qxf2 27.Qe6+ Qf7 {#R}
0-1

[Event "It \"]
[Site "Jyvaskyla (Finland)"]
[Round "0"]
[White "Sinervuo Veli-Pekka (FIN)"]
[Black "Vorotnikov Vladislav V (RUS)"]
[Result "0-1"]
[WhiteElo "1988"]
[BlackElo "2455"]

1.d4 d6 2.Nf3 Bg4 3.c4 Nf6 4.Qb3 Qc8 5.h3 Bxf3 6.Qxf3 g6 7.Bf4 Bg7 8.Nc3 O-O
9.e3 Nc6 10.O-O-O e5 11.dxe5 Nxe5 12.Bxe5 dxe5 13.g4 h6 14.Be2 c6 15.h4 Nh7
16.Qg2 Qe6 17.g5 h5 18.Kb1 Rfd8 19.Qe4 Nf8 20.Qc2 Qe7 21.Ne4 Ne6 22.Rdg1 Kf8
23.Ng3 Qb4 24.Rd1 Nc5 25.a3 Qb6 26.Ka2 a5 27.f4 exf4 28.exf4 a4 29.Bxh5 Qb3+
30.Kb1 Qxg3 31.Bxg6 fxg6 32.Qxg6 Rxd1+ 33.Rxd1 Qb3 34.Rd2 Re8 {#R} 0-1

[Event "It (open)"]
[Site "Lahti (Finland)"]
[Round "1"]
[White "Vehkalahti Veli (FIN)"]
[Black "Paronen Petteri (FIN)"]
[Result "0-1"]
[WhiteElo "2004"]
[BlackElo "2116"]

1.d4 Nf6 2.Nf3 d6 3.c4 Bg4 4.Nc3 Bxf3 5.gxf3 g6 6.Qb3 Qc8 7.h4 Bg7 8.Bh3 Nbd7
9.e4 e6 10.Be3 c6 11.Rd1 O-O 12.d5 exd5 13.cxd5 Qc7 14.Qa3 c5 15.Nb1 b5 16.Rc1
Ne5 17.Nd2 a5 18.Bf4 Nh5 19.Bh2 Qe7 20.f4 Nc4 21.Rxc4 bxc4 22.Bg2 Qf6 23.Nxc4
Nxf4 24.Qg3 Qd4 25.Qxf4 Qxc4 26.Qxd6 Bxb2 27.h5 Bc3+ 28.Kd1 Qd3+ {#R} 0-1

[Event "It (open)"]
[Site "Laukaa (Finland)"]
[Round "2"]
[White "Tarasov Mikhail (RUS)"]
[Black "Sisatto Olli (FIN)"]
[Result "1-0"]
[WhiteElo "2364"]
[BlackElo "2236"]

1.d4 Nf6 2.c4 d6 3.Nf3 Bg4 4.Nc3 Nc6 5.d5 Bxf3 6.gxf3 Ne5 7.f4 Ng6 8.h4 h5
9.Qd3 c6 10.Bg2 Qb6 11.Be3 Qa6 12.dxc6 bxc6 13.c5 Qxd3 14.Bxc6+ Kd8 15.exd3
Rb8 16.O-O-O dxc5 17.d4 Kc7 18.Ba4 e6 19.dxc5 a6 20.a3 Be7 21.b4 Rbd8 22.Bc2
Rxd1+ 23.Kxd1 Nxh4 24.Rxh4 Ne4 25.Bxe4 Bxh4 26.f5 Bf6 27.Bf4+ Kc8 28.Na4 e5
29.Nb6+ Kd8 30.Bh2 h4 31.Nc4 h3 32.Ke2 Rh4 33.Kf3 g6 34.Ne3 gxf5 35.Bxf5 Rh5
36.Bg4 Rh7 37.c6 Bh8 38.Nd5 e4+ 39.Kxe4 f5+ 40.Bxf5 Rh4+ 41.Kf3 {#r} 1-0

[Event "Ch Italy (juniors) (under 20)"]
[Site "Laveno (Italy)"]
[Round "0"]
[White "Mazzilli Piero (ITA)"]
[Black "Ferro Mario (ITA)"]
[Result "1-0"]
[WhiteElo "2131"]
[BlackElo "2239"]

1.Nf3 d6 2.d4 Nf6 3.c4 Bg4 4.Nc3 Nbd7 5.e4 e5 6.Be2 Be7 7.Be3 exd4 8.Nxd4 Bxe2
9.Qxe2 O-O 10.O-O Nc5 11.f3 Nfd7 12.Nf5 Bf6 13.Nd5 Ne6 14.Rad1 Re8 15.Kh1 a5
16.Qc2 b6 17.Rfe1 Qc8 18.g4 Qd8 19.Rg1 g6 20.Nh6+ Kg7 21.Qc1 c6 22.Nxf6 Qxf6
23.Rg3 Qe7 24.g5 Rf8 25.Qc3+ f6 26.Nf5+ {#r} 1-0

[Event "It (open)"]
[Site "Pardubice (Czech Republic)"]
[Round "1"]
[White "Neverov Valeriy (UKR)"]
[Black "Lauk Ular (EST)"]
[Result "1-0"]
[WhiteElo "2549"]
[BlackElo "2311"]

1.d4 Nf6 2.Nf3 d6 3.c4 Bg4 4.Nc3 Nbd7 5.e4 e5 6.Be2 Be7 7.Be3 c6 8.O-O O-O
9.d5 cxd5 10.cxd5 a6 11.Nd2 Bxe2 12.Qxe2 Rc8 13.Rfc1 g6 14.Bh6 Re8 15.g3 Nh5
16.Nd1 Ng7 17.a4 Rxc1 18.Rxc1 Bg5 19.Bxg5 Qxg5 20.b4 f5 21.Rc7 Nf6 22.Ne3 Rb8
23.h4 Qh6 24.Qc4 Rf8 25.Rxb7 f4 26.Nef1 fxg3 27.fxg3 g5 28.hxg5 Qxg5 29.Qc7
Nfh5 30.Qe7 Qg4 31.Rd7 Nxg3 32.Qxg7+ Qxg7 33.Rxg7+ Kxg7 34.Nxg3 Rb8 35.Nf5+
Kf6 36.Nxd6 Rxb4 37.a5 Kg5 38.N6c4 Kf4 39.d6 Rb7 40.Nb6 Rg7+ 41.Kf2 Kg5 42.d7
Rg8 43.Nf3+ Kf6 44.Nd5+ {#r} 1-0

[Event "Ch Poland (team) (region)"]
[Site "Poland"]
[Round "0"]
[White "Pawlus Grzegorz (POL)"]
[Black "Kempa Stefan (POL)"]
[Result "1-0"]
[WhiteElo "2004"]
[BlackElo "2126"]

1.d4 d6 2.Nf3 Nf6 3.c4 Bg4 4.e3 Nbd7 5.h3 Bh5 6.Nbd2 e5 7.dxe5 dxe5 8.Qc2 Bd6
9.e4 Qe7 10.Be2 Bg6 11.Nh4 O-O 12.Nxg6 hxg6 13.O-O a5 14.Nf3 Nh7 15.Bd3 Nc5
16.Be3 Rfd8 17.Rfd1 Nf8 18.Bg5 f6 19.Be3 Nfe6 20.Bf1 g5 21.g3 c6 22.h4 gxh4
23.Nxh4 Qf7 24.Nf5 Bf8 25.b3 g6 26.Bxc5 Nxc5 27.Nh4 Kg7 28.a3 Ne6 29.Nf3 Rxd1
30.Qxd1 Rd8 31.Qe1 Qc7 32.b4 b6 33.Qc3 Ra8 34.Rd1 axb4 35.axb4 Ra4 36.c5 b5
37.Bh3 Qf7 38.Nxe5 fxe5 39.Qxe5+ Kh6 40.Bxe6 Qg7 41.Qf4+ g5 42.Qf5 Be7 43.Kg2
Ra1 44.Bf7 {#r} 1-0

[Event "Ch Italy (1/2 final)"]
[Site "Saint Vincent (Italy)"]
[Round "7"]
[White "Iotti Pierluigi (ITA)"]
[Black "Nannelli Paolo (ITA)"]
[Result "0-1"]
[WhiteElo "2326"]
[BlackElo "2225"]

1.d4 d6 2.Nf3 Bg4 3.c4 Nf6 4.Nc3 c6 5.e4 Qc7 6.Be2 e5 7.O-O Nbd7 8.Be3 Be7
9.Rc1 O-O 10.h3 Bxf3 11.Bxf3 Rfe8 12.g3 exd4 13.Bxd4 a6 14.Bg2 Bd8 15.Qd2 Qb8
16.f4 b5 17.Rfe1 Ba5 18.Rcd1 bxc4 19.Kh2 Re6 20.Re2 h5 21.Bf2 Bc7 22.Qc2 Nb6
23.Red2 Qf8 24.e5 dxe5 25.f5 Re7 26.Bxc6 h4 27.Ne4 hxg3+ 28.Bxg3 Nxe4 29.Qxe4
Rd8 30.f6 Rxd2+ 31.Rxd2 Re6 32.Bh4 Rd6 33.Rg2 g6 34.a4 Rd4 35.Qe2 Rxh4 36.Be4
Qh6 37.Rg3 Qf4 {#R} 0-1

[Event "It (open)"]
[Site "Santiago (Chile)"]
[Round "4"]
[White "Barboza Manuel (CHI)"]
[Black "Gacitua Jose (CHI)"]
[Result "1-0"]
[WhiteElo "2210"]
[BlackElo "2063"]

1.d4 Nf6 2.c4 d6 3.Nf3 Bg4 4.Qb3 Qc8 5.h3 Bxf3 6.Qxf3 e5 7.dxe5 dxe5 8.Nc3 c6
9.a3 a5 10.Bg5 Nbd7 11.e3 Be7 12.Be2 Qc7 13.O-O O-O 14.Rad1 Rfe8 15.Qg3 Nc5
16.Bd3 Rad8 17.Bb1 Ne6 18.Bxf6 Bxf6 19.Qf3 Be7 20.Ne4 b6 21.Ng3 Bf8 22.h4 Nc5
23.h5 Ne6 24.Ne4 Be7 25.h6 Rxd1 26.Rxd1 Rd8 27.hxg7 Rxd1+ 28.Qxd1 Nxg7 29.Ng3
Qd6 30.Qg4 Bf8 31.Be4 b5 32.Nf5 Qf6 33.cxb5 cxb5 34.g3 b4 35.a4 Kh8 36.Nh4 Qd6
37.Bc2 Qc6 38.Qd1 Qd6 39.Qf3 Qc7 40.Bb3 Kg8 41.Bd5 Qc1+ 42.Kg2 Qc7 43.b3 Bd6
44.Bc4 Qe7 45.Qa8+ Ne8 46.Nf5 Qf8 47.Qxa5 Bc7 48.Qa6 h5 49.Nh6+ {#r} 1-0

[Event "Ch Estonia (1/2 final)"]
[Site "Tallinn (Estonia)"]
[Round "3"]
[White "Piarnpuu Leili (EST)"]
[Black "Lauk Ular (EST)"]
[Result "1/2-1/2"]
[WhiteElo "2227"]
[BlackElo "2311"]

1.d4 Nf6 2.Nf3 d6 3.c4 Bg4 4.Qb3 Qc8 5.h3 Bh5 6.g3 c6 7.Bg2 e6 8.Nc3 Be7 9.O-O
O-O 10.e4 Nbd7 11.Be3 e5 12.Nh4 Re8 13.Nf5 Bf8 14.g4 Bg6 15.d5 cxd5 16.Nxd5
Nxd5 17.cxd5 Nc5 18.Qc2 Qd7 19.b4 Na4 20.Rac1 Rac8 21.Qb3 b5 22.Rfd1 a6 23.Kh2
Rxc1 24.Rxc1 Rc8 25.Rc2 Rc7 26.Bf1 Qc8 27.Rxc7 Qxc7 28.Bd3 Bxf5 29.gxf5 Be7
{#d} 1/2-1/2

[Event "It (open)"]
[Site "Tatranska Lomnica (Slovakia)"]
[Round "2"]
[White "Jakubek Peter (SVK)"]
[Black "Sergeev Vladimir (UKR)"]
[Result "1/2-1/2"]
[WhiteElo "2179"]
[BlackElo "2461"]

1.d4 Nf6 2.Nf3 d6 3.c4 Bg4 4.g3 Bxf3 5.exf3 d5 6.Nc3 c6 7.Qb3 Qb6 8.cxd5 Qxb3
9.axb3 Nxd5 10.Nxd5 cxd5 11.Bf4 Nc6 12.Bb5 g6 13.Ra6 Kd7 14.Bxc6+ bxc6 15.Ke2
Bg7 16.Kd3 Rhc8 17.Rha1 {#d} 1/2-1/2

[Event "Ch Italy \"]
[Site "Toscana (Italy)"]
[Round "4"]
[White "Scalcione Michelangelo (ITA)"]
[Black "Cocchi Andrea (ITA)"]
[Result "1/2-1/2"]
[WhiteElo "2177"]
[BlackElo "2250"]

1.Nf3 Nf6 2.c4 d6 3.d4 Bg4 4.Qb3 Qc8 5.g3 c6 6.Bg2 e5 7.dxe5 Bxf3 8.exf3 dxe5
9.f4 Bd6 10.fxe5 Bxe5 11.O-O O-O 12.Nd2 Na6 13.Nf3 Bd6 14.Be3 Qc7 15.Rad1 Ng4
16.Bd4 Bc5 17.Qc3 Bxd4 18.Nxd4 Rad8 19.Nf5 Qe5 20.Qf3 Nf6 21.Rde1 Qxb2 22.Rb1
Qxa2 23.Rxb7 Qxc4 24.Ne7+ Kh8 25.Nxc6 Rd3 26.Qf5 Rc3 27.Ne5 Qc5 28.Nxf7+ Kg8
29.Qe6 Nc7 30.Nh6+ {#d} 1/2-1/2

[Event "It (open)"]
[Site "Robecchetto (Italy)"]
[Date "1999.01.02"]
[Round "1"]
[White "Liscio Giovanni (ITA)"]
[Black "Sabatini Carlo (ITA)"]
[Result "1/2-1/2"]
[WhiteElo "1999"]
[BlackElo "2051"]

1.d4 Nf6 2.Nf3 d6 3.c4 Bg4 4.e3 g6 5.Nc3 Bg7 6.Be2 Nc6 7.h3 Bxf3 8.Bxf3 O-O
9.e4 e5 10.dxe5 dxe5 11.O-O Nd4 12.b3 c6 13.Ba3 Re8 14.g3 Qa5 15.Bb2 Rad8
16.Bg2 Nd7 17.a3 Qa6 18.Ne2 Nxe2+ 19.Qxe2 Nc5 20.Qc2 Ne6 21.Rfd1 Qa5 22.b4 Qc7
23.a4 c5 24.b5 Nd4 25.Bxd4 Rxd4 26.Rxd4 cxd4 27.a5 Bf8 28.Bf1 Bb4 29.Qa4 Bc3
30.b6 Qd8 31.Rb1 axb6 32.Rxb6 Re7 33.Bd3 f5 34.Qb5 fxe4 35.Bxe4 d3 36.Qd5+
Qxd5 37.Bxd5+ Kg7 38.Kf1 Bxa5 39.Rxb7 Rxb7 40.Bxb7 Kf6 41.Be4 d2 42.Ke2 Ke6
43.c5 {#d} 1/2-1/2

[Event "It (open) \"]
[Site "Amsterdam (Netherlands)"]
[Round "4"]
[White "Kiseleva Natalia (UKR)"]
[Black "Hopman Pieter (NED)"]
[Result "1-0"]
[WhiteElo "2323"]
[BlackElo "2188"]

1.d4 Nf6 2.c4 d6 3.Nf3 Bg4 4.Qb3 Qc8 5.Bf4 c5 6.d5 Na6 7.Nbd2 g6 8.e4 Bg7
9.Be2 O-O 10.h3 Bxf3 11.Bxf3 Nc7 12.O-O Nd7 13.Rfe1 a6 14.a4 Rb8 15.Be2 b6
16.Nb1 Rb7 17.Nc3 Qb8 18.Qc2 f6 19.Qd2 Qe8 20.Be3 Ne5 21.f4 Nf7 22.Rab1 a5
23.Bg4 Kh8 24.Be6 Bh6 25.Re2 Nd8 26.f5 Bxe3+ 27.Rxe3 g5 28.h4 Qh5 29.hxg5 Qxg5
30.Qf2 Nf7 31.Bxf7 Rxf7 32.Ne2 Rb8 33.Nf4 Rg8 34.Rc1 Rfg7 35.Rcc3 Qg4 36.Rcd3
Na6 37.Rh3 Nb4 38.Rdf3 Qg5 39.Kh2 Qg4 40.Rh4 Qg5 41.Rfh3 {#r} 1-0

[Event "Ch Argentina (team)"]
[Site "Argentina"]
[Round "2"]
[White "Lopez Ricardo (ARG)"]
[Black "Sola Ruben (ARG)"]
[Result "1/2-1/2"]
[WhiteElo "2205"]
[BlackElo "2298"]

1.d4 Nf6 2.c4 d6 3.Nf3 Bg4 4.Qb3 Qc8 5.h3 Bh5 6.g3 c6 7.Bg2 Nbd7 8.O-O e5
9.Qe3 Qc7 10.Nh4 O-O-O 11.g4 Bg6 12.dxe5 Nxe5 13.Nd2 d5 14.f4 Ned7 15.Kh1 Bc5
16.Qc3 Ne4 17.Nxe4 Bxe4 18.Bxe4 dxe4 19.Be3 g6 20.Ng2 f5 21.Rad1 Bxe3 22.Nxe3
fxg4 23.Nxg4 Rhf8 24.e3 h5 {#d} 1/2-1/2

[Event "It (open)"]
[Site "Bad Breisig (Germany)"]
[Round "2"]
[White "Reinke Kurt (GER)"]
[Black "Hildebrand Stephan"]
[Result "1-0"]
[WhiteElo "1940"]
[BlackElo "1301"]

1.d4 Nf6 2.Nf3 d6 3.c4 Bg4 4.Nc3 Nbd7 5.e4 e5 6.Be2 a5 7.d5 Nc5 8.Qc2 Be7 9.b3
Qd7 10.Be3 Na6 11.a3 O-O 12.O-O c6 13.Na4 Bd8 14.Rac1 Rc8 15.Qb1 cxd5 16.cxd5
Rxc1 17.Rxc1 Nb8 18.Qc2 b5 19.Nc3 b4 20.axb4 axb4 21.Na2 Qb7 22.h3 Bh5 23.Qc4
Ba5 24.Bd2 Nbd7 25.g4 Bg6 26.Bxb4 Bxb4 27.Nxb4 Nxe4 28.Nc6 Nb8 29.b4 Nxc6
30.dxc6 Qb6 31.Rf1 Ng3 32.b5 Nxf1 33.Bxf1 Rc8 34.Qd5 Qd8 35.Bc4 Kf8 36.h4 Rc7
37.h5 Bc2 38.b6 Re7 39.Nxe5 Ke8 40.c7 Qc8 41.Qxd6 Ba4 42.Ba6 Qxa6 43.Qd8# 1-0

[Event "Cup Tripp Lite Bestcomp (active)"]
[Site "Baku (Azerbaijan)"]
[Round "0"]
[White "Bayramov Vugar (AZE)"]
[Black "Abbasov Farid (AZE)"]
[Result "0-1"]
[WhiteElo "2285"]
[BlackElo "2381"]

1.d4 Nf6 2.Nf3 d6 3.c4 Bg4 4.Nc3 g6 5.h3 Bxf3 6.exf3 Bg7 7.Be2 O-O 8.O-O e6
9.Bg5 h6 10.Be3 Nbd7 11.Qd2 Kh7 12.Rad1 c6 13.d5 exd5 14.cxd5 c5 15.f4 Re8
16.Qc2 a6 17.a4 Kh8 18.Bf3 Qa5 19.Bd2 Qc7 20.Rfe1 c4 21.b4 cxb3 22.Qxb3 Nc5
23.Qa3 Qd7 24.Be3 Rac8 25.a5 Nfe4 26.Nxe4 Nxe4 27.Rb1 Nc3 28.Rb6 Nb5 {#R} 0-1

[Event "Ch Belgium (open)"]
[Site "Belgium"]
[Round "8"]
[White "Gregoir Christophe (BEL)"]
[Black "Vanhove Koen (BEL)"]
[Result "1-0"]
[WhiteElo "2282"]
[BlackElo "2054"]

1.d4 d6 2.Nf3 Bg4 3.c4 Nf6 4.Nc3 Nbd7 5.e3 e5 6.Be2 c6 7.O-O Be7 8.h3 Bh5 9.a3
O-O 10.b4 Re8 11.Bb2 Bf8 12.Rc1 h6 13.Re1 Bxf3 14.Bxf3 e4 15.Be2 Nh7 16.b5 Qh4
17.bxc6 bxc6 18.d5 c5 19.Nb5 Rab8 20.Ba1 Rb7 21.Bg4 Ne5 22.Bxe5 Rxe5 23.Bc8
Rb8 24.Bg4 f5 25.g3 Qe7 26.Be2 a6 27.Nd4 cxd4 28.exd4 Rxd5 29.cxd5 g6 30.Rc6
Bg7 31.Bxa6 Qa7 32.Qc2 Ng5 33.Rb1 Rxb1+ 34.Qxb1 Qxd4 35.Kg2 Nf3 36.Rxd6 Qd2
37.Rxg6 e3 38.Rxg7+ Kxg7 39.Qb7+ Kf8 40.Qb8+ Kf7 41.Qa7+ Kf6 42.Qxe3 Ne1+
43.Kf1 Qxe3 44.fxe3 Nc2 45.Ke2 {#r} 1-0

[Event "Match (team)"]
[Site "Buenos Aires (Argentina)"]
[Round "1"]
[White "Zarnicki Pablo (ARG)"]
[Black "Malbran Guillermo (ARG)"]
[Result "1-0"]
[WhiteElo "2488"]
[BlackElo "2399"]

1.Nf3 Nf6 2.c4 d6 3.d4 Bg4 4.Nc3 Bxf3 5.gxf3 c6 6.e4 Nbd7 7.Be3 e5 8.d5 Nh5
9.dxc6 bxc6 10.Qa4 Qc7 11.O-O-O Be7 12.Bh3 O-O 13.c5 Nxc5 14.Bxc5 dxc5 15.Bd7
Rab8 16.Qxc6 Qxc6 17.Bxc6 Rb6 18.Bd5 Bh4 19.Rhf1 Rf6 20.Bc4 Rxf3 21.Rd7 a5
22.Rd5 Nf4 23.Rxc5 Be7 24.Rc7 Bd6 25.Ra7 Bc5 26.Rxa5 Bb4 27.Ra4 Bxc3 28.bxc3
Rxc3+ 29.Kb2 Rf3 30.Ra3 Rb8+ 31.Rb3 Rbxb3+ 32.axb3 Kf8 33.Ka3 Ke7 34.Kb4 Nd3+
35.Kb5 Nxf2 36.b4 Rf6 {#r} 1-0

[Event "It (open)"]
[Site "Cannes (France)"]
[Round "8"]
[White "Flear Christine (FRA)"]
[Black "Stojanov Svetlin (BUL)"]
[Result "0-1"]
[WhiteElo "2230"]
[BlackElo "2323"]

1.d4 d6 2.Nf3 Nf6 3.c4 Bg4 4.Qb3 Qc8 5.Nc3 g6 6.Bg5 Bg7 7.e3 Bxf3 8.Bxf6 Bxf6
9.gxf3 O-O 10.h4 c5 11.d5 Na6 12.a3 Nc7 13.Bd3 a6 14.h5 b5 15.Qc2 bxc4 16.Bxc4
Rb8 17.O-O-O Nb5 18.Bxb5 axb5 19.Ne4 Bg7 20.hxg6 hxg6 21.Ng5 b4 22.Qe4 bxa3
23.Rh8+ Bxh8 24.Qh4 Bxb2+ 25.Kc2 Qf5+ 26.e4 Qxg5 27.Qxg5 Bf6 28.Qh6 Rb2+
29.Kd3 Rfb8 30.Rc1 R8b3+ 31.Kc4 Rxf3 {#R} 0-1

[Event "Ch Ireland (seniors)"]
[Site "Castleconnell (Ireland)"]
[Round "6"]
[White "McMahon Daire (IRL)"]
[Black "Heidenfeld Mark (IRL)"]
[Result "0-1"]
[WhiteElo "2246"]
[BlackElo "2375"]

1.d4 d6 2.Nf3 Nf6 3.c4 Bg4 4.Qb3 Qc8 5.Nbd2 Nbd7 6.h3 Bxf3 7.Qxf3 g6 8.g3 c5
9.d5 Bg7 10.Bg2 O-O 11.O-O a6 12.a4 b5 13.axb5 axb5 14.Rxa8 Qxa8 15.cxb5 Rb8
16.Nc4 Rxb5 17.Bd2 Qa2 18.Rc1 Nb6 19.Nxb6 Rxb6 20.Bc3 Rb3 21.Qe3 Kf8 22.Bf3
Ng8 23.Kg2 Bh6 {#R} 0-1

[Event "It (open) (b)"]
[Site "Catalunia (Spain)"]
[Round "8"]
[White "Mir Vinas Pablo (ESP)"]
[Black "Lopez Manzano Antonio (ESP)"]
[Result "0-1"]
[WhiteElo "1938"]
[BlackElo "2025"]

1.d4 Nf6 2.c4 d6 3.Nf3 Bg4 4.Nbd2 Nbd7 5.g3 c6 6.Bg2 e5 7.dxe5 dxe5 8.Qc2 Be7
9.b3 Qc7 10.Bb2 O-O 11.O-O Rfe8 12.e3 Rad8 13.Ng5 Nc5 14.f4 Nd3 15.fxe5 Nxe5
16.Rf4 Nd3 17.Bd5 Nxd5 18.cxd5 Bxg5 19.Rxg4 Bxe3+ 20.Kg2 Nxb2 21.Qxb2 Qe5
22.Qxe5 Rxe5 23.Nc4 Ree8 24.Re1 Bc5 25.Rxe8+ Rxe8 26.dxc6 bxc6 27.Na5 Re2+
28.Kh3 Bg1 29.Ra4 Rxh2+ 30.Kg4 h5+ 31.Kf4 h4 32.Nxc6 Rc2 33.Ne5 h3 34.Kf5 Rf2+
{#R} 0-1

[Event "It (open)"]
[Site "Crailsheim (Germany)"]
[Round "5"]
[White "Ivanov Mikhail M (RUS)"]
[Black "Thieme-Garmann Alexander (GER)"]
[Result "1-0"]
[WhiteElo "2461"]
[BlackElo "2203"]

1.Nf3 Nf6 2.c4 d6 3.d4 Bg4 4.Nc3 Nbd7 5.d5 Bxf3 6.exf3 g6 7.f4 Bg7 8.Be2 c6
9.h4 Qc7 10.h5 gxh5 11.Bd2 a5 12.Rc1 Nc5 13.Qc2 e6 14.Bf3 Ke7 15.Kf1 Rhe8
16.Bxh5 Kd8 17.Bf3 exd5 18.cxd5 Qc8 19.Be3 cxd5 20.Nxd5 Nxd5 21.Bxd5 h6
22.Bxf7 Re7 23.Qg6 Qd7 24.Qxg7 Rxf7 25.Qh8+ Qe8 26.Rxh6 {#r} 1-0

[Event "Ch Czech Republic (seniors) (team) 1999/00"]
[Site "Czech Republic"]
[Round "0"]
[White "Hrubant Ivan (CZE)"]
[Black "Michalek Frantisek (CZE)"]
[Result "1-0"]
[WhiteElo "2194"]
[BlackElo "2152"]

1.d4 Nf6 2.c4 d6 3.Nf3 Bg4 4.Qb3 Bxf3 5.exf3 Qc8 6.Be3 g6 7.Nc3 Bg7 8.Be2 O-O
9.O-O c6 10.Rad1 Nbd7 11.Rfe1 a6 12.a4 Qc7 13.Bf1 Rfe8 14.d5 c5 15.Qc2 Rad8
16.Ne4 Nf8 17.Bg5 h6 18.Bf4 Nh5 19.Bd2 a5 20.Nc3 b6 21.Bd3 Qd7 22.f4 e5 23.f5
g5 24.g3 Nh7 25.Kg2 Bf8 26.h4 g4 27.Qc1 Ng7 28.Bxh6 Nxf5 29.Bxf8 Nxf8 30.Qg5+
Ng7 31.Ne4 {#r} 1-0

[Event "Czech League 1999/00 (2nd)"]
[Site "Czech Republic"]
[Round "0"]
[White "Jirka Jiri (CZE)"]
[Black "Zahorbensky Jaroslav (CZE)"]
[Result "1/2-1/2"]
[WhiteElo "2302"]
[BlackElo "2132"]

1.d4 d6 2.Nf3 Bg4 3.c4 Nf6 4.Qb3 Bxf3 5.Qxf3 Nc6 6.d5 Ne5 7.Qb3 Qc8 8.g3 c6
9.Nc3 g6 10.Bg2 Bg7 11.O-O O-O 12.Be3 c5 13.Rad1 Nh5 14.Bc1 f5 15.f4 Ng4
16.Rfe1 Rb8 17.h3 Nh6 18.Kh2 Nf6 19.Qc2 Rf7 20.e3 a6 21.a4 Qf8 22.Qe2 Kh8
23.Kh1 Nh5 24.Kh2 Bxc3 25.bxc3 Nf6 26.Bf3 Qc8 27.Rg1 Rg7 28.g4 Ne4 29.Qc2 Qd7
30.gxf5 gxf5 31.Rxg7 Kxg7 32.Bxe4 fxe4 33.Qxe4 Rg8 34.Qc2 Kh8 35.Rd2 Ng4+
36.hxg4 Qxg4 37.Rg2 Qh4+ 38.Kg1 Qe1+ {#d} 1/2-1/2

[Event "Extra League 1999/00"]
[Site "Czech Republic"]
[Round "11"]
[White "Kalod Radek (CZE)"]
[Black "Hausner Ivan (CZE)"]
[Result "1-0"]
[WhiteElo "2483"]
[BlackElo "2412"]

1.Nf3 Nf6 2.c4 d6 3.d4 Bg4 4.Qb3 Qc8 5.h3 Bxf3 6.Qxf3 e5 7.d5 Be7 8.Nc3 Na6
9.e4 c5 10.g3 O-O 11.Bg2 Nc7 12.O-O a6 13.Qe2 Rb8 14.Nd1 b5 15.Ne3 bxc4 16.a4
Re8 17.Nxc4 Bf8 18.Bd2 Na8 19.Bc3 Nb6 20.Na5 Nbd7 21.Rfc1 Rb6 22.Rc2 Qa8
23.Kh2 h6 24.Qc4 h5 25.h4 g6 26.f3 Bh6 27.Qe2 Kh7 28.Nc4 Qb8 29.Nxb6 Qxb6
30.a5 Qb7 31.Bf1 Nb8 32.b4 cxb4 33.Rb1 g5 34.Rxb4 Qe7 35.hxg5 Bxg5 36.Bd2 Bxd2
37.Qxd2 Rg8 38.Bh3 Nfd7 39.Bf5+ Kg7 40.Rc7 h4 41.g4 {#r} 1-0

[Event "It (open)"]
[Site "Finkenstein (Austria)"]
[Round "4"]
[White "Schippel Gert (AUT)"]
[Black "Peierl Walter (AUT)"]
[Result "1-0"]
[WhiteElo "2120"]
[BlackElo "1885"]

1.Nf3 Nf6 2.c4 d6 3.d4 Bg4 4.Nc3 Nbd7 5.e4 e5 6.Be2 exd4 7.Nxd4 Bxe2 8.Qxe2 g6
9.O-O Bg7 10.Be3 O-O 11.Rfd1 Qe8 12.Ndb5 Qb8 13.Nd5 Nxd5 14.cxd5 a6 15.Nd4 Re8
16.f3 Qd8 17.Rac1 Rc8 18.b4 Qe7 19.g4 Nf6 20.Kf2 Qd7 21.b5 a5 22.Nb3 b6 23.Rc6
h6 24.Rdc1 a4 25.Nd2 g5 26.h3 h5 27.R1c4 hxg4 28.hxg4 a3 29.Nb1 Nh7 30.Nxa3
Be5 31.Qc2 Nf6 32.Rxc7 Nxg4+ 33.fxg4 Rxc7 34.Rxc7 Qxg4 35.Ke1 Bg3+ 36.Kd2 Rxe4
37.Qc3 Be5 38.Qd3 Rxe3 39.Kxe3 Bf4+ 40.Kd4 Be5+ 41.Ke3 Bf4+ 42.Kf2 Bg3+
43.Qxg3 Qd4+ 44.Qe3 Qh4+ 45.Ke2 {#r} 1-0

[Event "Ch Finland (team) 2000/01"]
[Site "Finland"]
[Round "3"]
[White "Tolonen Leo (FIN)"]
[Black "Kiik Kalle (EST)"]
[Result "1/2-1/2"]
[WhiteElo "2344"]
[BlackElo "2442"]

1.Nf3 d6 2.d4 Nf6 3.c4 Bg4 4.Nc3 Nbd7 5.Bg5 Bxf3 6.gxf3 e6 7.Qc2 h6 8.Be3 c6
9.O-O-O d5 10.cxd5 cxd5 11.Kb1 Rc8 12.Qb3 Qb6 13.Qxb6 Nxb6 14.Bf4 a6 15.e3 Bb4
16.Rc1 Ke7 17.Bd3 Bxc3 18.Rxc3 Rxc3 19.bxc3 Rc8 20.Rc1 Nh5 21.Bg3 Nxg3 22.fxg3
Nc4 23.Bxc4 Rxc4 24.Kb2 b5 25.a3 Kd6 26.f4 f5 27.Kc2 Ke7 28.Rb1 Ra4 29.Kb3 Kf6
30.Rg1 Rc4 31.Ra1 Ra4 32.Rg1 g5 33.h4 Rc4 34.hxg5+ hxg5 35.Rh1 g4 36.Rh7 Rc8
37.Kc2 Rc4 {#d} 1/2-1/2

[Event "Bayern Landesliga North 1999/00"]
[Site "Germany"]
[Round "5"]
[White "Reis Gerhard (GER)"]
[Black "Lang Stefan (GER)"]
[Result "1-0"]
[WhiteElo "2240"]
[BlackElo "2195"]

1.Nf3 d6 2.d4 Bg4 3.c4 Nf6 4.Nc3 Bxf3 5.gxf3 Nbd7 6.Bg2 c6 7.f4 Qa5 8.Bd2 Qb6
9.Na4 Qa6 10.b3 g6 11.Rc1 Bh6 12.Qc2 O-O 13.O-O Rac8 14.Rfe1 Nh5 15.e3 f5
16.c5 b5 17.cxb6 axb6 18.Qc4+ Qxc4 19.bxc4 Rc7 20.Rb1 Ra8 21.Nc3 Bg7 22.Nd5
Rxa2 23.Nxc7 {#r} 1-0

[Event "Hessenliga 2000/01"]
[Site "Germany"]
[Round "3"]
[White "Zweschper Erich (GER)"]
[Black "Bouaraba Max (GER)"]
[Result "0-1"]
[WhiteElo "2130"]
[BlackElo "2177"]

1.d4 Nf6 2.Nf3 d6 3.c4 Bg4 4.Nc3 Nbd7 5.e4 e5 6.d5 Nc5 7.h3 Bd7 8.Qc2 a5 9.Be3
b6 10.Be2 g6 11.g4 Bg7 12.O-O-O O-O 13.Rdg1 a4 14.Nd2 Ne8 15.h4 f5 16.gxf5
gxf5 17.h5 Kh8 18.h6 Bf6 19.exf5 a3 20.b3 e4 21.Bg4 Nd3+ 22.Kb1 Nb4 23.Qc1 b5
24.Ndxe4 bxc4 25.Nxf6 Qxf6 26.Rh5 cxb3 27.Qd2 bxa2+ 28.Ka1 Ra5 29.Bg5 Qf7
30.Qd4+ Nf6 31.Bxf6+ Qxf6 32.Qxb4 Rb5 33.Qxa3 Rfb8 34.Rhh1 Rb3 35.Qa5 Rxc3
{#R} 0-1

[Event "Landesliga South 1999/00"]
[Site "Germany"]
[Round "4"]
[White "Luft Martin (GER)"]
[Black "Schlosser Andree (GER)"]
[Result "0-1"]
[WhiteElo "2141"]
[BlackElo "2157"]

1.d4 Nf6 2.c4 d6 3.Nf3 Bg4 4.Nc3 Bxf3 5.gxf3 c6 6.e3 e5 7.b3 Nbd7 8.Bb2 g6
9.Qc2 exd4 10.exd4 Bh6 11.Bd3 Qe7+ 12.Qe2 Nh5 13.Qxe7+ Kxe7 14.O-O f5 15.Ba3
Ndf6 16.d5 Nf4 17.dxc6 Nxd3 18.Nb5 bxc6 19.Nxd6 c5 20.Nb7 Rhc8 21.Rad1 Rc7
22.Rxd3 Rxb7 23.Bxc5+ Kf7 24.Rfd1 Re8 25.Kf1 Bf8 26.Be3 Rc8 27.Bc1 Rcc7 28.Be3
Bc5 29.Bxc5 Rxc5 30.a3 a5 {#R} 0-1